kku e-library facility

Microbiology: An Introduction (Record no. 151)

MARC details
000 -LEADER
fixed length control field 00394nam a2200133 4500
005 - DATE AND TIME OF LATEST TRANSACTION
control field 20260210130132.0
008 - FIXED-LENGTH DATA ELEMENTS--GENERAL INFORMATION
fixed length control field 260210b |||||||| |||| 00| 0 eng d
020 ## - INTERNATIONAL STANDARD BOOK NUMBER
International Standard Book Number 9789352691968
100 ## - MAIN ENTRY--PERSONAL NAME
Personal name Upadhyay Kumar Sushil
245 ## - TITLE STATEMENT
Title Microbiology: An Introduction
Statement of responsibility, etc. /Sushil Kumar Upadhyay
260 ## - PUBLICATION, DISTRIBUTION, ETC.
Place of publication, distribution, etc. New Delhi;
Name of publisher, distributor, etc. Random Publications;
Date of publication, distribution, etc. 2019
300 ## - PHYSICAL DESCRIPTION
Extent viii, 280p. : ill,
Dimensions 24cm
942 ## - ADDED ENTRY ELEMENTS (KOHA)
Source of classification or shelving scheme Library of Congress Classification
Suppress in OPAC No
Koha item type Books

No items available.

©2025 All rights reserved. KKU